000 01109nam a2200313 i 4500
001 4710
003 KOSZ 005
005 20220425093720.0
008 961010s1970 pl a f f |000 0 pol
040 _cKOSZ 005
_aKOSZ 005
_dKOSZ 005/HR
041 _apol
_heng
080 _a53
080 _a(075.8)
100 1 _aResnick, Robert
_d(1923-2014)
_eAutor
245 1 0 _aFizyka :
_bdla studentów nauk przyrodniczych i technicznych.
_nT. 1 /
_cRobert Resnick, David Halliday.
250 _aWyd.3 zm.
260 _aWarszawa :
_bPaństwowe Wydawnictwo Naukowe,
_c1970.
380 _aKsiążki
388 _a1901-2000
650 4 _aFizyka
655 4 _aPodręczniki akademickie
658 _aFizyka i astronomia
700 1 _aRatyński, Wojciech
_d(1932-2007)
_eTłumaczenie
700 1 _aHalliday, David
_d(1916-2010)
_eAutor
700 1 _aKaniowska, Teresa
_eTłumaczenie
710 2 _aPaństwowe Wydawnictwo Naukowe
_4pbl
856 _uhttp://koha.tu.koszalin.pl/cgi-bin/koha/opac-detail.pl?biblionumber=47010
_yKatalog online BPK
942 _cKS
_2UKD
999 _c47010
_d47010